• 首页
  • 本馆介绍
  • 公告通知
  • 最新文献
  • 馆藏检索
  • 电子资源
  • 读者导购
  • 参考咨询
  • 我的图书馆
  • 登录
  • 详细信息显示
  • 放入我的书架
  • 预约/预借图书
  • 作者相关作品
  • 分类相关作品
  • 丛书相关作品
  • 出版社相关作品

书目信息

  • 表格格式
  • 工作单格式
  • 卡片格式
题名:
五卅运动史料
    
 
作者: ;上海社会科学院历史研究所 编
分册:  
出版信息: 上海   上海人民出版社  1981
页数: 1册
开本: 21cm
丛书名:
单 册:
中图分类: K262.22
科图分类:
主题词: 国民党反共活动--1937~1945
电子资源:
ISBN:
000 00704nam0 2200229 45
001 0181010182
005 20060818083813.59
010    @b精装@dCNY3.70
091    @aCN@b11074.468
100    @a19950306d1981 em y0chiy0121 ea
101 0  @achi
102    @aCN@b310000
105    @ay z 000yy
200 10 @a五卅运动史料@Awu sa yun dong shi liao@f上海社会科学院历史研究所编@FShang Hai She Hui Ke Xue Yuan Li Shi Yan Jiu Suo Bian
210    @a上海@c上海人民出版社@d1981
215    @a1册@d21cm
606 0  @a国民党反共活动@z1937~1945
690    @aK262.22@v3
711 02 @a上海社会科学院历史研究所@4编
801  2 @aCN@bNLC@c20060818
801  0 @aCN@b上海图书馆@c20050418
905    @f1@b64454@dK262.22@e5:1
    
    五卅运动史料/上海社会科学院历史研究所编.-上海:上海人民出版社,1981
    1册;21cm
    
    
    ISBN (精装):CNY3.70
    
●
相关链接 在E读中查询图书 在五车中查询图书 在当当中查询图书 在豆瓣中查询图书


正题名:五卅运动史料     索取号:K262.22/5:1         预约/预借

序号 登录号 条形码 馆藏地/架位号 状态 备注
1 0064454   002034088   第二借阅区/ [索取号:K262.22/5:1] 在馆    
2 0064455   000355868   第二样本阅览室/ [索取号:K262.22/5:1] 在馆    
3 0466436   204664363   密集书库/ [索取号:K262.22/5:1] 在馆    
唐山师范学院图书馆 欢迎您!
大连网信软件有限公司© 版权所有